Guess The Reneé Rapp Music Video - Statistics

General Stats
  • This quiz has been taken 563 times
  • The average score is 8 of 9
Answer Stats
Picture Answer % Correct
Snow Angel
98%
Pretty Girls
97%
Tummy Hurts
93%
In The Kitchen
90%
Talk Too Much
90%
Tattoos
90%
Too Well
87%
Bruises
86%
Don't Tell My Mom
78%
No matching quizzes found
Score Distribution
Percent of People with Each Score
Percentile by Number Answered
Your Score History
You have not taken this quiz